| 000 | 00534nam a2200169 i 4500 | ||
|---|---|---|---|
| 001 | 34872 | ||
| 003 | ES-MaACL | ||
| 005 | 20230906155019.0 | ||
| 007 | t| | ||
| 008 | 030211s1972 sp ||||1| spa d | ||
| 100 | 1 |
_aBoros, Ladislao. _930538 |
|
| 245 | 1 | 3 |
_aEl hombre y su última opción _b: mysterium mortis / _cLadislao Boros ; [traducción por José Luis Albizu]. |
| 260 |
_aMadrid : _bEdiciones Paulinas, _c[1972] |
||
| 300 |
_a222 p. ; _c19 cm. |
||
| 700 | 1 |
_aAlbizu, José Luis. _919396 |
|
| 852 |
_aES-MaACL _jC-50166 _bR.83926 |
||
| 999 |
_c34872 _d34872 |
||